000 00443pab a2200157 454500
008 180718b2002 xxu||||| |||| 00| 0 eng d
100 _aBouchard, Genevieve
245 _aPolicy-making and administrative discretion: the case of immigration in Canada
260 _c2002
300 _ap.239-57.
362 _aSummer
650 _aImmigration
700 _aCarroll, Barbara Wake
773 _aCanadian Public Administration
909 _a54944
999 _c54944
_d54944